000 00432pab a2200169 454500
008 180718b1990 xxu||||| |||| 00| 0 eng d
100 _aDesai, Udai
245 _aImpacts of education policy in India
260 _c1990
300 _ap.52-62.
362 _aJan-Mar
650 _aEducational policy - India
650 _aEducational policy
773 _aIndian Journal of Public Administration
908 _aN
909 _a88951
999 _c88951
_d88951